ESPN Top 100 Footballers 2021 - Statistics

General Stats
  • This quiz has been taken 1,303 times
  • The average score is 65 of 100
Answer Stats
Club Answer % Correct
Liverpool Alisson
93%
Bayern Munich Manuel Neuer
93%
Real Madrid Thibaut Courtois
91%
Manchester City Ederson
89%
Paris Saint-Germain Lionel Messi
89%
Paris Saint-Germain Gianluigi Donnarumma
88%
Barcelona Marc-Andre ter Stegen
88%
Aston Villa Emiliano Martínez
87%
Atlético Madrid Jan Oblak
87%
Paris Saint-Germain Kylian Mbappe
87%
Inter Milan Lautaro Martínez
87%
Liverpool Mohamed Salah
87%
Manchester United Cristiano Ronaldo
86%
Tottenham Hotspur Harry Kane
86%
Chelsea Edouard Mendy
85%
Real Madrid Ferland Mendy
85%
Bayern Munich Robert Lewandowski
85%
Sevilla Jesus Navas
84%
Paris Saint-Germain Keylor Navas
84%
Paris Saint-Germain Neymar
84%
Liverpool Virgil Van Dijk
84%
Liverpool Trent Alexander-Arnold
83%
Manchester City Kevin de Bruyne
82%
Real Madrid Karim Benzema
81%
Liverpool Sadio Mane
81%
Chelsea Thiago Silva
80%
Manchester City Bernardo Silva
79%
Borussia Dortmund Erling Haaland
79%
Manchester City Kyle Walker
79%
Manchester City Ruben Dias
79%
Real Madrid Luka Modric
78%
Liverpool Andrew Robertson
77%
Bayern Munich Joshua Kimmich
77%
Paris Saint-Germain Achraf Hakimi
76%
Paris Saint-Germain Marquinhos
76%
Chelsea N'Golo Kante
76%
Tottenham Hotspur Son Heung-Min
76%
Manchester United Raphael Varane
74%
Manchester City Pep Guardiola
73%
Manchester United Bruno Fernandes
72%
Juventus Giorgio Chiellini
72%
Liverpool Jürgen Klopp
72%
Juventus Leonardo Bonucci
70%
Chelsea Reece James
70%
Bayern Munich Alphonso Davies
69%
Bayern Munich Thomas Müller
69%
Manchester City João Cancelo
67%
Chelsea Jorginho
67%
A.C. Milan Theo Hernandez
67%
Chelsea Antonio Rüdiger
66%
Real Madrid Casemiro
66%
Real Madrid Vinicius
66%
Barcelona Jordi Alba
65%
Napoli Kalidou Koulibaly
65%
Manchester United Luke Shaw
65%
Paris Saint-Germain Marco Verratti
65%
Barcelona Pedri
65%
Barcelona Frenkie de Jong
64%
Manchester City Phil Foden
64%
Chelsea Thomas Tuchel
63%
Chelsea Kai Havertz
62%
Manchester City Raheem Sterling
62%
Chelsea Romelu Lukaku
62%
Lazio Ciro Immobile
61%
Real Madrid David Alaba
60%
Atlético Madrid Luis Suárez
60%
Bayern Munich Serge Gnabry
58%
Chelsea Cesar Azpilicueta
57%
Atlético Madrid Diego Simeone
57%
Manchester City Ilkay Gündogan
56%
Manchester City Riyad Mahrez
56%
A.C. Milan Zlatan Ibrahimovic
56%
Chelsea Mason Mount
55%
Inter Milan Nicolo Barella
55%
Paris Saint-Germain Angel Di Maria
52%
Tottenham Hotspur Antonio Conte
52%
Manchester City Jack Grealish
52%
Juventus Federico Chiesa
50%
Germany Hansi Flick
49%
Bayern Munich Benjamin Pavard
48%
Napoli Lorenzo Insigne
45%
Inter Milan Denzel Dumfries
42%
Real Sociedad Mikel Oyarzabal
41%
Manchester United Paul Pogba
41%
Italy Roberto Mancini
41%
Villarreal Gerard Moreno
39%
Barcelona Memphis Depay
39%
Ajax Dusan Tadic
38%
Bayern Munich Julian Nagelsmann
38%
Chelsea Marcos Alonso
38%
Borussia Dortmund Raphael Guerreiro
37%
Villarreal Unai Emery
37%
Atlético Madrid Kieran Trippier
36%
Argentina Lionel Scaloni
36%
Lyon Lucas Paqueta
36%
Roma Leonardo Spinazzola
35%
Real Sociedad Alexander Isak
28%
Atalanta Robin Gosens
28%
West Ham United Tomas Soucek
11%
Sampdoria Mikkel Damsgaard
5%
No matching quizzes found
Score Distribution
Percent of People with Each Score
Percentile by Number Answered
Your Score History
You have not taken this quiz